Les différents clubs de Giroud - Statistiques

Statistiques générales
  • Ce quiz a été pris 87 fois
  • Le résultat moyen est 6 sur 9
Statistiques - réponses
Années Club Matchs Buts % Correct
2012-2018 Arsenal 253 105
96%
2018-2021 Chelsea 119 39
93%
2021-2024 AC Milan 132 49
91%
2010-2012 Montpellier HSC 85 39
90%
2024- Los Angeles FC 30 3
83%
2011-2024 France 137 57
52%
2008-2010 Tours FC 69 38
48%
2005-2008 Grenoble Foot 38 26 2
43%
2007-2008 Istres FC 34 14
27%
Aucun quiz correspondant
Distribution des résultats
% des personnes avec chaque résultat
Percentile par nombre de réponses
Votre historique - résultats
Vous n’avez pas pris ce quiz